[Event "3rd Yerevan Open-A 2021"]
[Site "Yerevan"]
[Date "2021.10.14"]
[Round "1.9"]
[White "Nikookar, Mahdi"]
[Black "Sychev, Klementy"]
[Result "0-1"]
[WhiteElo "2214"]
[BlackElo "2555"]
[Annotator "TA"]
[PlyCount "62"]
[EventDate "2021.10.14"]
[EventType "swiss"]
[EventCountry "ARM"]
[SourceTitle "playchess.com"]
[Source "ChessBase"]
[SourceQuality "1"]

{[%evp 17,62,12,19,16,12,-13,-16,-19,-12,-14,0,-11,-10,-22,0,-55,-65,-60,-69,-81,-79,-101,-91,-124,-122,-122,-129,-143,-141,-200,-200,-200,-201,-457,-239,-1420,-203,-29984,-29985,-29985,-29986,-29986,-29985,-29997,-29998,-29998,-29997]} 1. e4 c5 2. c3 e6 3. d4 d5 4. exd5 exd5 5. Nf3 Nf6 6. Bb5+ Nc6 7. O-O Be7 8. dxc5 Bxc5 $1 {The main line 8...Bxc5 scores better than 8...0-0.} 9. Nbd2 O-O 10. Nb3 {C08: French Tarrasch: 3...c5 4 exd5 exd5 sidelines.} Bb6 11. Re1 {[#]} Bg4 $146 ({Predecessor:} 11... Ne4 12. Be3 Bg4 13. c4 Ne5 14. cxd5 Bxf3 15. gxf3 Ng5 16. Be2 Nh3+ 17. Kg2 Qh4 18. Bxb6 axb6 {0-1 (28) Hermansson,E (2314)-Nielsen,P (2560) Sweden 2000}) 12. Be3 {The position is equal.} Re8 13. Nbd4 Bxd4 14. Bxc6 bxc6 15. cxd4 Qb6 16. Re2 ({White should try} 16. b3 $11) 16... Bxf3 $15 17. gxf3 Re6 18. Qa4 Nd7 19. Rc2 Qb7 20. b3 Nb6 21. Qb4 Rf6 22. Rac1 Qd7 23. Kf1 (23. Qd2 $17 {was called for.}) 23... Re8 $19 24. Ke2 Qh3 {[%mdl 64] Double Attack} 25. Rxc6 $2 {[#]} (25. Kd2) 25... Rxf3 (25... Rxe3+ $142 $1 {[%mdl 512]} 26. fxe3 Qxf3+ 27. Kd3 Qe4+ 28. Ke2 Qg2+ 29. Kd3 Qg6+ 30. Ke2 Rxc6 31. Rxc6 Qxc6) 26. Qb5 $2 {[#]} (26. Re1) 26... f5 $2 (26... Rxf2+ $3 {[%mdl 512]} 27. Kxf2 Qxh2+ 28. Kf1 Qh3+ {[%mdl 64] Double Attack} 29. Kg1 Qxe3+ 30. Kh1 Qe4+ 31. Kh2 Qh4+ 32. Kg1 Qxd4+ 33. Kh1 Qh4+ 34. Kg2 Qg4+ 35. Kf2 {[#]} Nc4 $1 {[%mdl 512]} 36. Rc8 Qf4+ {[%mdl 64] Double Attack} 37. Kg1 Qxc1+ 38. Kh2 Qf4+ 39. Kh1 Qh4+ 40. Kg1 Qg3+ 41. Kh1 Qh3+ 42. Kg1 Qxc8 43. Qxe8+ Qxe8 44. bxc4 Qe3+ 45. Kh2 dxc4 46. Kh1 c3 47. Kh2 c2 48. Kh1 c1=Q+ 49. Kh2 Qcg1#) 27. Rxb6 $2 {[#]} (27. R6c3 $19 Qh5 28. Qxe8+ Qxe8 29. Kxf3 Qe4+ 30. Ke2) 27... Rxf2+ $1 {[%mdl 576] Decoy. Black mates.} 28. Kxf2 Qxe3+ {[%mdl 64] Double Attack} 29. Kg2 Qd2+ ({Weaker is} 29... axb6 30. Qxd5+ Kh8 31. Qc6 $17) 30. Kg3 Re3+ 31. Kf4 Re4+ {Weighted Error Value: White=0.73/Black=0.48} 0-1

[Event "3rd Yerevan Open-A 2021"]
[Site "Yerevan"]
[Date "2021.10.14"]
[Round "1.10"]
[White "Pultinevicius, Paulius"]
[Black "Godbole, Atharva"]
[Result "1-0"]
[WhiteElo "2552"]
[BlackElo "2201"]
[Annotator "TA"]
[PlyCount "56"]
[EventDate "2021.10.14"]
[EventType "swiss"]
[EventCountry "ARM"]
[SourceTitle "playchess.com"]
[Source "ChessBase"]
[SourceQuality "1"]

{[%evp 14,56,29,24,49,42,51,46,49,50,35,40,152,143,162,162,205,191,201,189,210,204,203,196,227,214,256,206,325,316,376,382,449,364,412,429,493,482,535,420,777,760,991,989,1129]} 1. e4 c5 2. Nf3 d6 3. d4 cxd4 4. Qxd4 Nc6 5. Bb5 Bd7 6. Bxc6 Bxc6 7. c4 Nf6 8. Nc3 e5 {B53: Sicilian: 2...d6: Lines with Qxd4.} 9. Qd3 h6 10. O-O Be7 {White is slightly better.} 11. Rd1 $5 {[%mdl 4] Leaves trodden paths.} O-O 12. Qe2 {[#]} Rc8 $146 {[#]} (12... Qc8 $14) ({Predecessor:} 12... Qc8 13. Ne1 a6 14. Nc2 b5 15. Nd5 Nxd5 16. cxd5 Bd7 17. Rd3 f5 18. exf5 Bxf5 {½-½ (38) Wieczorek,Z (2298)-Aliavdin,N (2373) Raciborz 2007}) 13. Nxe5 $1 $16 {[%mdl 576] Pin} Qc7 (13... Qa5 14. Nxc6) 14. Nxc6 Qxc6 15. b3 Rfe8 16. Bb2 Bd8 17. f3 a6 18. Kh1 Re6 19. Nd5 Nd7 20. Qf2 Nc5 (20... Bg5 $142 21. g3 Bf6 22. Nxf6+ Nxf6) 21. Nf4 $18 {[%cal Bd5f4,Bf4e2,Be2d4,Bd4f5][%mdl 32]} Re8 22. Qg3 {[%csl Gb2][%cal Rg3g7]} g5 23. Ne2 Be7 24. Nd4 Qd7 25. Nf5 {[%mdl 64] [#] Double Attack} Bf8 26. h4 Ne6 (26... Re6 $142 27. hxg5 Rg6) 27. hxg5 hxg5 28. Bf6 {Strongly threatening Qh3.} Qd8 {Black did not feel at home in the position after the opening.  Weighted Error Value: White=0.14/Black=0.45} 1-0

[Event "3rd Yerevan Open-A 2021"]
[Site "Yerevan"]
[Date "2021.10.14"]
[Round "1.11"]
[White "Mkrtchyan, Sargis R."]
[Black "Chanda, Sandipan"]
[Result "1/2-1/2"]
[WhiteElo "2199"]
[BlackElo "2543"]
[Annotator "TA"]
[PlyCount "161"]
[EventDate "2021.10.14"]
[EventType "swiss"]
[EventCountry "ARM"]
[SourceTitle "playchess.com"]
[Source "ChessBase"]
[SourceQuality "1"]

{[%evp 10,161,24,23,26,17,28,29,22,22,27,12,35,13,27,-10,18,0,0,0,0,11,13,0,0,-7,-20,-24,0,0,0,0,16,21,138,125,240,249,235,277,274,268,276,270,269,275,261,286,251,289,286,283,281,277,278,273,250,103,143,103,140,140,180,180,143,135,193,193,193,193,193,166,166,166,193,193,193,193,193,193,200,200,200,200,200,200,200,200,200,200,200,200,200,0,200,200,200,200,200,200,200,193,193,193,200,200,200,193,193,193,193,193,193,193,193,193,193,166,192,0,192,0,192,166,192,149,166,166,192,192,192,166,166,166,166,166,166,166,166,166,166,166,166,24,24,24,24,24,24,20,20,0,0,0]} 1. d4 f5 2. g3 Nf6 3. Bg2 g6 4. Nf3 Bg7 5. O-O O-O 6. b3 e6 {A81: Dutch Defence: 2 g3.} 7. c4 d5 8. Ba3 Re8 {White has an edge.} 9. Nc3 Ne4 10. Qc2 c6 11. Rad1 Nd7 {[#]} 12. Rfe1 $146 ({Predecessor:} 12. Na4 g5 13. Ne1 Nf8 14. f3 Nd6 15. e3 Ng6 16. Bb2 Nf7 17. f4 b6 18. Nf3 {½-½ (27) Probst,A-Schulz,C Germany 2008}) 12... b6 13. cxd5 cxd5 14. Nxe4 fxe4 15. Ne5 Bb7 16. f3 Nxe5 17. dxe5 {[%cal Rf3e4]} Rc8 18. Qb2 b5 {Hoping for ...Qb6+.} 19. Qd4 exf3 20. exf3 Rc2 21. Bf1 Rxa2 (21... Qd7 $11) 22. Bxb5 $16 {aiming for Ra1.} Qc7 {[#]} 23. Rc1 $1 $18 {[%cal Rc1c7]} Qf7 24. Bxe8 Qxf3 {[%csl Ga2][%cal Rf3g2]} 25. Bb2 Rxb2 26. Qxb2 d4 {[#] ( -> ...Qh1+)} 27. Bc6 $1 Bxc6 {[#]} 28. Rxc6 $1 Qxc6 29. Qxd4 {[%mdl 4096] Endgame KQR-KQB} Bf8 {And now ...Bc5! would win.} 30. Qe4 Qb6+ 31. Kg2 Qxb3 32. Rf1 Qb8 33. Qc6 (33. Rf6 $18 {has better winning chances.}) 33... Qxe5 34. Qa8 {[%csl Gf1][%cal Ra8f8]} Qd6 35. h4 Qd5+ 36. Qxd5 exd5 {KR-KB} 37. Ra1 h5 (37... Bc5 $16 38. Ra5 Bb6 39. Rxd5 Kh8) 38. Rxa7 Bg7 39. Kf3 Be5 40. Ra5 Kf7 41. Rxd5 Bf6 42. Ra5 Kg7 43. Ke4 Kf7 44. Ra6 Kg7 45. Ra7+ Kg8 46. Kd5 Kf8 47. Ke6 {Threatening mate with Rf7+.} Bb2 48. Rb7 Bc3 49. Rc7 Bb2 50. Rc2 Ba1 51. Rc7 $2 (51. Rc6 $18) 51... Kg8 $2 (51... Bb2 $11 {and Black has nothing to worry.} 52. Rf7+ Kg8) 52. Kd5 Bf6 53. Ke4 Kf8 54. Kf4 Kg8 55. Rc6 Kf7 56. Ra6 Kg7 57. Ra7+ Kg8 58. Kf3 Kf8 59. Kg2 Kg8 60. Kh3 Kf8 61. Ra2 Kg7 62. Ra8 Kf7 63. Ra4 Kg7 64. Ra7+ Kf8 $1 65. Ra2 $2 (65. Ra6 $18 Kf7 66. Kg2) 65... Kf7 $2 (65... Kg7 $1 $11 66. Ra7+ Kh6) 66. Rf2 Kg7 67. Rf1 Be7 68. Rb1 Bf6 69. Rb6 Be7 70. g4 hxg4+ 71. Kxg4 Bf6 72. Rb7+ Kf8 73. Rb1 Kf7 74. Rh1 Be7 75. Kf4 Kg7 76. Ke5 (76. Rh3 $18) 76... Kh6 $11 77. Ke6 Bd8 78. Kf7 Kh5 79. Kg7 Bxh4 80. Rxh4+ Kxh4 81. Kxg6 {Weighted Error Value: White=0.09/Black=0.20} 1/2-1/2

[Event "3rd Yerevan Open-A 2021"]
[Site "Yerevan"]
[Date "2021.10.14"]
[Round "1.12"]
[White "Sivuk, Vitaly"]
[Black "Mohota, Nisha"]
[Result "1-0"]
[WhiteElo "2529"]
[BlackElo "2195"]
[Annotator "ChessBase"]
[PlyCount "61"]
[EventDate "2021.10.14"]
[EventType "swiss"]
[EventCountry "ARM"]
[SourceTitle "playchess.com"]
[Source "ChessBase"]
[SourceQuality "1"]
[TimeControl "40/5400+30:1800+30"]

1. d4 {[%emt 0:00:07]} Nf6 {[%emt 0:00:18]} 2. c4 {[%emt 0:00:12]} e6 {[%emt 0:00:16]} 3. Nf3 {[%emt 0:00:11]} d5 {[%emt 0:01:44]} 4. Nc3 {[%emt 0:00:13]} Be7 {[%emt 0:00:13]} 5. Bg5 {[%emt 0:00:15]} O-O {[%emt 0:00:23]} 6. e3 {[%emt 0:00:12]} h6 {[%emt 0:00:28]} 7. Bf4 {[%emt 0:00:16]} b6 {[%emt 0:02:35]} 8. g4 {[%emt 0:00:20]} Ne4 {[%emt 0:03:44]} 9. h4 {[%emt 0:03:29]} e5 {[%emt 0:15:34]} 10. Nxe5 {[%emt 0:06:30]} Bxh4 {[%emt 0:01:29]} 11. Nxe4 {[%emt 0:01:59]} dxe4 {[%emt 0:00:04]} 12. Qc2 {[%emt 0:00:16]} Bb7 {[%emt 0:09:53]} 13. Bg2 {[%emt 0:02:18]} Qe7 {[%emt 0:10:06]} 14. O-O-O {[%emt 0:02:12]} Na6 {[%emt 0:01:52]} 15. a3 {[%emt 0:01:33]} c5 {[%emt 0:11:51]} 16. Rxh4 {[%emt 0:06:49]} Qxh4 {[%emt 0:04:35]} 17. d5 {[%emt 0:00:12]} Rfe8 {[%emt 0:07:16]} 18. Bxe4 {[%emt 0:10:45]} Qd8 {[%emt 0:09:00]} 19. Bh7+ {[%emt 0:05:17]} Kf8 {[%emt 0:00:18]} 20. Nxf7 {[%emt 0:04:27]} Qf6 {[%emt 0:04:17]} 21. Bg6 {[%emt 0:02:49]} Kg8 {[%emt 0:03:07]} 22. g5 {[%emt 0:00:34]} hxg5 {[%emt 0:03:32]} 23. Rh1 {[%emt 0:01:09]} Qxf7 {[%emt 0:00:03]} 24. Bxf7+ {[%emt 0:00:42]} Kxf7 {[%emt 0:00:02]} 25. Qf5+ {[%emt 0:00:15]} Kg8 {[%emt 0:00:05]} 26. Be5 {[%emt 0:00:23]} Re7 {[%emt 0:01:44]} 27. Qh7+ {[%emt 0:00:26]} Kf8 {[%emt 0:00:04]} 28. Qh8+ {[%emt 0:00:32]} Kf7 {[%emt 0:00:04]} 29. Qxg7+ {[%emt 0:00:07]} Ke8 {[%emt 0:00:02]} 30. Qg6+ {[%emt 0:00:14]} Kd7 {[%emt 0:00:05]} 31. Qd6+ {[%emt 0:00:08]} 1-0

[Event "3rd Yerevan Open-A 2021"]
[Site "Yerevan"]
[Date "2021.10.15"]
[Round "2.1"]
[White "Vaishal Tijoriwala"]
[Black "Gukesh D"]
[Result "*"]
[WhiteElo "1007"]
[BlackElo "2640"]
[Annotator "TA"]
[PlyCount "56"]
[EventDate "2021.10.14"]
[EventType "swiss"]
[EventCountry "ARM"]
[SourceTitle "playchess.com"]
[Source "ChessBase"]
[SourceQuality "1"]

{[%evp 12,56,23,10,8,19,19,12,19,-14,0,-11,0,0,0,0,0,0,0,0,0,-2,0,0,11,0,7,4,14,-34,42,0,0,-29,59,-13,-22,-13,8,0,16,0,0,0,0,0,0]} 1. e4 c5 2. Nf3 d6 3. Bb5+ Nd7 4. c3 Ngf6 5. Qe2 a6 6. Ba4 e6 7. O-O Be7 {B51: Sicilian: Moscow Variation (3 Bb5+) without 3...Bd7.} 8. d4 b5 {The main line 8...b5 scores better than 8...0-0.} 9. Bc2 Bb7 10. Nbd2 Qc7 11. e5 {[#]} Nd5 $146 ({Predecessor:} 11... dxe5 12. dxe5 Nd5 13. Re1 N5b6 14. Nf1 Rc8 15. Bf4 h6 16. Rad1 g5 17. Bg3 Nd5 {1-0 (52) Rasik,V (2452)-Duzhakov,I (2404) Pardubice 2016}) 12. exd6 Bxd6 13. Ne4 Be7 14. Re1 O-O 15. dxc5 Nxc5 16. Nxc5 Bxc5 17. Qe4 {[%csl Gc2][%cal Re4h7] [#]} g6 {Hoping for ...Ne3.} 18. Qh4 Rfe8 19. Bb3 h5 20. Ng5 Nf6 ({Black should play} 20... Be7 $15) 21. h3 Rad8 22. Be3 Be7 ({Black should try} 22... Bxe3 $11 23. Rxe3 Kg7) 23. Bf4 (23. Nxe6 $1 $14 fxe6 24. Qg5) 23... Qc6 $11 {[%csl Gb7][%cal Rc6g2] [#]The position is equal.} 24. f3 Nd5 25. Be5 Qb6+ 26. Kh1 Rd7 $1 27. Qg3 Ne3 $1 28. Qf4 {[%csl Gg5][%cal Rf4f7]} Nf5 {An uneventful encounter.  Weighted Error Value: White=0.14/Black=0.15} *

[Event "3rd Yerevan Open-A 2021"]
[Site "Yerevan"]
[Date "2021.10.15"]
[Round "2.2"]
[White "Erigaisi Arjun"]
[Black "Sargsyan, Anna M."]
[Result "1-0"]
[WhiteElo "2634"]
[BlackElo "2402"]
[Annotator "TA"]
[PlyCount "85"]
[EventDate "2021.10.14"]
[EventType "swiss"]
[EventCountry "ARM"]
[SourceTitle "playchess.com"]
[Source "ChessBase"]
[SourceQuality "1"]

{[%evp 11,85,11,16,8,14,-18,116,91,96,70,86,73,54,70,70,65,79,75,91,97,100,97,81,93,127,120,116,137,144,111,171,177,240,224,215,164,185,191,183,185,178,184,207,182,353,356,347,332,529,525,519,517,497,484,471,382,383,362,502,528,500,496,570,571,566,557,538,493,621,612,830,632,594,556,552,543]} 1. Nf3 Nf6 2. c4 c6 3. Nc3 d5 4. e3 e6 5. d4 Nbd7 6. Be2 dxc4 7. a4 {[%cal Ba2a4,Ba4a5][%mdl 32] D45: Semi-Slav: 5 e3.} c5 8. d5 $5 {[%mdl 4] [#] Leaves trodden paths.} Nb6 $146 {[#]} (8... exd5 $11 {keeps the balance.} 9. Nxd5 Bd6) ({Predecessor:} 8... exd5 9. Nxd5 Bd6 10. Bxc4 O-O 11. O-O Nxd5 12. Bxd5 Nf6 13. Bc4 Bg4 14. h3 Bh5 {½-½ (40) Kornev,A (2490)-Novikov,S (2535) Sochi 2019}) 9. e4 $1 $16 {White is better.} exd5 10. a5 Nbd7 {...d4 is the strong threat.} (10... dxe4 $2 11. Qxd8+ Kxd8 12. Ne5 $18) 11. e5 d4 12. exf6 dxc3 13. Bxc4 gxf6 {Black is now going downhill.} 14. O-O {Black must now prevent Re1+.} Ne5 15. Nxe5 Qxd1 16. Bxf7+ Ke7 17. Rxd1 $40 {[%mdl 128] White attacks with force.} fxe5 18. Bc4 {[#] Threatening mate with Bg5+.} Kf6 19. bxc3 Bf5 20. Bd5 Rb8 (20... Rd8 $16 {was called for.}) 21. c4 $18 Bg7 (21... h5 $142 22. f4 Bh6) 22. Ra3 {Strongly threatening Rf3.} h5 23. Bb2 b5 {White should prevent ...bxc4.} 24. axb6 Rxb6 25. Bc3 Rhb8 26. f4 $1 ({Resist} 26. Rxa7 Rb1 $16) 26... Kg6 27. Rxa7 Rb1 $2 (27... h4 {was worth a try.} 28. Re1 (28. fxe5 Rb3 $16) 28... Rb3) 28. Rxb1 Rxb1+ 29. Kf2 Rc1 (29... Rb6 $142 30. Rc7 Ra6 31. Bxe5 Bxe5 32. fxe5 h4 33. Rxc5 Kg5) 30. Ra6+ Kh7 31. Bxe5 Bxe5 32. fxe5 {[%mdl 4096] Endgame KRB-KRB} Bd3 33. Rc6 Bxc4 34. Be4+ Kg7 35. Rxc5 {White is clearly winning.} Rf1+ 36. Ke3 Be6 37. Rc7+ Kf8 38. Bf3 h4 39. h3 Ra1 40. Kf4 Ra5 41. Rh7 Kg8 42. Rxh4 Kg7 43. Be4 {Weighted Error Value: White=0.12/Black=0.37} 1-0

[Event "3rd Yerevan Open-A 2021"]
[Site "Yerevan"]
[Date "2021.10.15"]
[Round "2.3"]
[White "Daneshvar, Bardiya"]
[Black "Pantsulaia, Levan"]
[Result "1/2-1/2"]
[WhiteElo "2403"]
[BlackElo "2570"]
[Annotator "TA"]
[PlyCount "24"]
[EventDate "2021.10.14"]
[EventType "swiss"]
[EventCountry "ARM"]
[SourceTitle "playchess.com"]
[Source "ChessBase"]
[SourceQuality "1"]

{[%evp 9,24,35,89,76,70,82,167,178,193,170,165,171,170,0,0,0,163]} 1. d4 d5 2. c4 e5 3. dxe5 Ne7 4. Nf3 Nbc6 {[#]} 5. Nc3 $146 ({Predecessor:} 5. Nbd2 dxc4 6. e3 Ng6 7. Qa4 Bd7 8. e6 Bxe6 9. Bxc4 Bxc4 10. Qxc4 Be7 11. O-O {0-1 (71) Shankland,S (2691)-Dubov,D (2710) chess24.com INT 2021}) 5... d4 (5... Be6 $14) 6. Nb5 $16 {D08: Albin Counter Gambit.} Nf5 7. g4 Nh6 {[#]} (7... Nh4 $16 {might work better.}) 8. h3 $1 $18 {White is clearly better.} ({Don't play} 8. Nfxd4 $6 Nxe5 9. g5 Nf5 $14) (8. Nbxd4 $6 Nxg4 9. Bg2 Ncxe5 $14) 8... Bc5 9. Bg5 Bb4+ 10. Bd2 Bc5 11. Bg5 Bb4+ 12. Bd2 Bc5 $1 {Weighted Error Value: White=0.20/Black=0.26} 1/2-1/2

[Event "3rd Yerevan Open-A 2021"]
[Site "Yerevan"]
[Date "2021.10.15"]
[Round "2.4"]
[White "Puranik, Abhimanyu"]
[Black "Krishna Teja, N."]
[Result "1-0"]
[WhiteElo "2568"]
[BlackElo "2385"]
[Annotator "ChessBase"]
[PlyCount "89"]
[EventDate "2021.10.14"]
[EventType "swiss"]
[EventCountry "ARM"]
[SourceTitle "playchess.com"]
[Source "ChessBase"]
[SourceQuality "1"]
[TimeControl "40/5400+30:1800+30"]

1. Nf3 {[%emt 0:00:21]} d5 {[%emt 0:02:15]} 2. g3 {[%emt 0:00:14]} c6 {[%emt 0:01:02]} 3. Bg2 {[%emt 0:00:14]} Bg4 {[%emt 0:00:05]} 4. c4 {[%emt 0:01:29]} Nd7 {[%emt 0:03:17]} 5. cxd5 {[%emt 0:01:09]} cxd5 {[%emt 0:00:06]} 6. h3 {[%emt 0:02:46]} Bxf3 {[%emt 0:02:04]} 7. Bxf3 {[%emt 0:01:11]} e6 {[%emt 0:00:18]} 8. O-O {[%emt 0:00:22]} Ngf6 {[%emt 0:00:04]} 9. Nc3 {[%emt 0:01:06]} Be7 {[%emt 0:01:21]} 10. d4 {[%emt 0:00:40]} O-O {[%emt 0:00:31]} 11. Qd3 {[%emt 0:02:36]} Rc8 {[%emt 0:02:46]} 12. Bd2 {[%emt 0:11:12]} a6 {[%emt 0:01:48]} 13. Rac1 {[%emt 0:07:21]} b5 {[%emt 0:02:18]} 14. e3 {[%emt 0:09:09]} Nb6 {[%emt 0:02:36]} 15. b3 {[%emt 0:00:48]} Ba3 {[%emt 0:02:39]} 16. Rb1 {[%emt 0:02:01]} Bb4 {[%emt 0:16:41]} 17. Rfc1 {[%emt 0:02:05]} Qe7 {[%emt 0:01:59]} 18. Ne2 {[%emt 0:12:30]} h6 {[%emt 0:12:17]} 19. h4 {[%emt 0:08:17]} Rfd8 {[%emt 0:04:57]} 20. Nf4 {[%emt 0:02:17]} Nfd7 {[%emt 0:01:50]} 21. Qe2 {[%emt 0:05:15]} Qf8 {[%emt 0:05:35]} 22. Bxb4 {[%emt 0:08:48]} Qxb4 {[%emt 0:00:08]} 23. Nd3 {[%emt 0:00:08]} Qa3 {[%emt 0:02:33]} 24. Kg2 {[%emt 0:01:36]} a5 {[%emt 0:00:55]} 25. Qd2 {[%emt 0:01:27]} a4 {[%emt 0:03:51]} 26. Be2 {[%emt 0:00:59]} axb3 {[%emt 0:09:16]} 27. axb3 {[%emt 0:03:15]} Na8 {[%emt 0:02:41]} 28. Nc5 {[%emt 0:06:27]} Nxc5 {[%emt 0:02:44]} 29. dxc5 {[%emt 0:00:01]} Qa6 {[%emt 0:00:51]} 30. Ra1 {[%emt 0:00:48]} Qc6 {[%emt 0:00:09]} 31. Qa5 {[%emt 0:02:59]} Rb8 {[%emt 0:01:36]} 32. Qa6 {[%emt 0:00:48]} Qxa6 {[%emt 0:04:41]} 33. Rxa6 {[%emt 0:00:02]} b4 {[%emt 0:00:01]} 34. Rc6 {[%emt 0:02:38]} Kf8 {[%emt 0:02:37]} 35. Ra1 {[%emt 0:00:10]} Ke7 {[%emt 0:00:14]} 36. Ra7+ {[%emt 0:00:46]} Ke8 {[%emt 0:03:10]} 37. Bh5 {[%emt 0:01:21]} g6 {[%emt 0:01:56]} 38. Bxg6 {[%emt 0:00:10]} fxg6 {[%emt 0:00:06]} 39. Rxe6+ {[%emt 0:00:02]} Kf8 {[%emt 0:00:05]} 40. Rf6+ {[%emt 0:00:00]} Kg8 {[%emt 0:00:00]} 41. Rxg6+ {[%emt 0:00:06]} Kf8 {[%emt 0:00:30]} 42. Rxh6 {[%emt 0:00:03]} Kg8 {[%emt 0:00:04]} 43. Rhh7 {[%emt 0:01:12]} Rbc8 {[%emt 0:00:09]} 44. h5 {[%emt 0:01:15]} Rc6 {[%emt 0:00:46]} 45. g4 {[%emt 0:00:47]} 1-0

[Event "3rd Yerevan Open-A 2021"]
[Site "Yerevan"]
[Date "2021.10.15"]
[Round "2.5"]
[White "Padmini, Rout"]
[Black "Paichadze, Luka"]
[Result "1/2-1/2"]
[WhiteElo "2380"]
[BlackElo "2566"]
[Annotator "ChessBase"]
[PlyCount "100"]
[EventDate "2021.10.14"]
[EventType "swiss"]
[EventCountry "ARM"]
[SourceTitle "playchess.com"]
[Source "ChessBase"]
[SourceQuality "1"]
[TimeControl "40/5400+30:1800+30"]

1. Nf3 {[%emt 0:00:08]} Nf6 {[%emt 0:00:12]} 2. g3 {[%emt 0:00:10]} d5 {[%emt 0:00:28]} 3. Bg2 {[%emt 0:00:11]} c5 {[%emt 0:00:14]} 4. O-O {[%emt 0:00:20]} Nc6 {[%emt 0:00:07]} 5. c4 {[%emt 0:01:05]} d4 {[%emt 0:02:20]} 6. e3 {[%emt 0:01:10]} e5 {[%emt 0:04:56]} 7. exd4 {[%emt 0:00:53]} cxd4 {[%emt 0:02:00]} 8. Re1 {[%emt 0:04:21]} Bd6 {[%emt 0:06:05]} 9. d3 {[%emt 0:29:52]} O-O {[%emt 0:01:30]} 10. Bg5 {[%emt 0:00:09]} h6 {[%emt 0:01:07]} 11. Bxf6 {[%emt 0:00:06]} Qxf6 {[%emt 0:00:06]} 12. Nbd2 {[%emt 0:00:16]} Bc7 {[%emt 0:07:45]} 13. a3 {[%emt 0:07:57]} a5 {[%emt 0:04:50]} 14. c5 {[%emt 0:00:36]} a4 {[%emt 0:08:48]} 15. Nc4 {[%emt 0:03:11]} Bf5 {[%emt 0:01:19]} 16. Rc1 {[%emt 0:01:49]} Rfe8 {[%emt 0:01:35]} 17. Qc2 {[%emt 0:05:51]} Qe7 {[%emt 0:17:52]} 18. Nfxe5 {[%emt 0:15:16]} Nxe5 {[%emt 0:01:05]} 19. Nxe5 {[%emt 0:00:23]} Bxe5 {[%emt 0:00:05]} 20. f4 {[%emt 0:00:22]} Qc7 {[%emt 0:00:37]} 21. fxe5 {[%emt 0:00:09]} Rxe5 {[%emt 0:00:37]} 22. Rxe5 {[%emt 0:02:21]} Qxe5 {[%emt 0:00:05]} 23. Qd2 {[%emt 0:06:24]} Rc8 {[%emt 0:00:39]} 24. Bxb7 {[%emt 0:02:15]} Rxc5 {[%emt 0:00:06]} 25. Rxc5 {[%emt 0:00:05]} Qxc5 {[%emt 0:00:03]} 26. Bf3 {[%emt 0:03:09]} Qb5 {[%emt 0:00:56]} 27. Be2 {[%emt 0:01:41]} Bd7 {[%emt 0:04:50]} 28. Bf1 {[%emt 0:02:16]} Bc6 {[%emt 0:01:39]} 29. Bg2 {[%emt 0:03:23]} Bxg2 {[%emt 0:00:41]} 30. Kxg2 {[%emt 0:00:02]} Qc6+ {[%emt 0:00:19]} 31. Kg1 {[%emt 0:00:25]} Qf3 {[%emt 0:04:57]} 32. Qc2 {[%emt 0:06:33]} Kh7 {[%emt 0:04:34]} 33. b3 {[%emt 0:02:59]} axb3 {[%emt 0:07:24]} 34. Qxb3 {[%emt 0:00:05]} Qe3+ {[%emt 0:00:26]} 35. Kf1 {[%emt 0:00:58]} Qc1+ {[%emt 0:00:42]} 36. Kg2 {[%emt 0:00:52]} f5 {[%emt 0:00:19]} 37. a4 {[%emt 0:00:20]} h5 {[%emt 0:00:47]} 38. Qa2 {[%emt 0:00:38]} Qd1 {[%emt 0:02:43]} 39. Qc4 {[%emt 0:00:42]} Qe2+ {[%emt 0:02:16]} 40. Kg1 {[%emt 0:00:00]} Qe3+ {[%emt 0:00:00]} 41. Kg2 {[%emt 0:08:00]} h4 {[%emt 0:01:33]} 42. Qc2 {[%emt 0:03:33]} h3+ {[%emt 0:11:14]} 43. Kxh3 {[%emt 0:03:58]} Qf3 {[%emt 0:00:17]} 44. Qd2 {[%emt 0:01:20]} Kg6 {[%emt 0:00:41]} 45. a5 {[%emt 0:07:04]} Kh5 {[%emt 0:09:07]} 46. Qe1 {[%emt 0:00:42]} Qxd3 {[%emt 0:00:16]} 47. Qe8+ {[%emt 0:01:23]} Kh6 {[%emt 0:00:48]} 48. Qh8+ {[%emt 0:00:31]} Kg6 {[%emt 0:00:06]} 49. Qe8+ {[%emt 0:00:14]} Kh6 {[%emt 0:00:52]} 50. Qh8+ {[%emt 0:00:09]} Kg6 {[%emt 0:00:04]} 1/2-1/2